书目信息 |
| 题名: |
股份公司理财实务
|
|
| 作者: | 孙伟 编著 | |
| 分册: | ||
| 出版信息: | 杭州 浙江人民出版社 1998.12 |
|
| 页数: | 349页 | |
| 开本: | 大32开 | |
| 丛书名: | ||
| 单 册: | ||
| 中图分类: | F121.29 | |
| 科图分类: | ||
| 主题词: | 经济--中国 | |
| 电子资源: | ||
| ISBN: | 7-213-01745-4 | |
| 000 | 00532nam0 2200181 45 | |
| 001 | 9911301546 | |
| 005 | 19991130154306.1 | |
| 010 | @a7-213-01745-4@d15.80 | |
| 100 | @a19991130d1998 km y0chiy0120 ea | |
| 101 | @achi | |
| 105 | @a z 000yy | |
| 200 | 1 | @a股份公司理财实务@AGu Fen Gong Si Li Cai Shi Wu@f孙伟 编著@FSun Wei Bian Zhu |
| 210 | @a杭州@c浙江人民出版社@d1998.12 | |
| 215 | @a349页@c无图表@d大32开 | |
| 606 | 0 | @a经济@x中国 |
| 690 | @aF121.29@v3 | |
| 801 | @aCN@bPerfectUser@c19991130 | |
| 905 | @aBZT@b65319@f1@dF121.29@e6 | |
| 股份公司理财实务/孙伟 编著.-杭州:浙江人民出版社,1998.12 |
| 349页:无图表;大32开 |
| ISBN 7-213-01745-4:15.80 |
| ● |
| 相关链接 |
|
|
|
正题名:股份公司理财实务
索取号:F121.29/6
 
预约/预借
| 序号 | 登录号 | 条形码 | 馆藏地/架位号 | 状态 | 备注 |
| 1 | 65319 | 200382380 | 中心书库北库/ 北库007架A面3列6层12/ [索取号:F121.29/6] | 在馆 |